01269 a2200205 45000010003000000050017000030080041000200030015000610400040000760800084001162450030002000200018002302640036002483000023002845050586003070410008008931000016009017000028009178560118009451220260407155402.0260407a2002 arg spa dAR-UNSa-BCEJYS aAR-UNSa-BCEJYSbspacAR-UNSa-BCEJYS a338.1xSituación económica. Ciclos. Desarrollo de la estructura económica10aEconomía del desarrollo a84-95348-03-9 1aBarcelona :bAntoni Boschc2002 axix, 827 p.c24 cm a1. Introducción - 2. El desarrollo económico: visión panorámica - 3. El crecimiento económico - 4. Las nuevas teorías del crecimiento - 5. Historia, expectativas y desarrollo - 6. La desigualdad económica - 7. Desigualdad y desarrollo: interconexiones - 8. Pobreza y desnutrición - 9. Crecimiento de la población y desarrollo económico - 10. Ciudad y campo - 11. Los mercados en la agricultura - 12. La tierra - 13. El trabajo - 14. El crédito - 15. El seguro - 16. El comercio internacional - 17. Política comercial - 18. Política comercial multilateral  aspa1 aRay, Debraj1 aRabasco, María Esther41uhttps://biblioeco.unsa.edu.ar/pmb/images/libros/Economia del Desarrollo-l87893.jpgyImagen de portadaqimage/jpeg